Kỹ thuật máy dầu cặn máy diesel

Uloženo v:
Podrobná bibliografie
Hlavní autor: Phan Văn Mão
Médium: Kniha
Jazyk:Undetermined
Vydáno: Sài Gòn Giao thông vận tải 2002
Témata:
Tagy: Přidat tag
Žádné tagy, Buďte první, kdo otaguje tento záznam!
Thư viện lưu trữ: Trung tâm Học liệu Trường Đại học Cần Thơ
LEADER 00535nam a2200181Ia 4500
001 CTU_48822
008 210402s9999 xx 000 0 und d
082 |a 629.2506 
082 |b M108 
100 |a Phan Văn Mão 
245 0 |a Kỹ thuật máy dầu cặn máy diesel 
245 0 |c Phan Văn Mão 
260 |a Sài Gòn 
260 |b Giao thông vận tải 
260 |c 2002 
650 |a diesel motor,mechanical engineering 
904 |i Minh, 980120 
980 |a Trung tâm Học liệu Trường Đại học Cần Thơ